MCU Eternals Members - Statistics

General Stats
  • This quiz has been taken 28 times
  • The average score is 8 of 10
Answer Stats
Eternal % Correct
Ikaris
95%
Ajak
84%
Gilgamesh
84%
Sersi
84%
Sprite
84%
Thena
84%
Druig
79%
Makkari
74%
Phastos
68%
Kingo
63%
No matching quizzes found
Score Distribution
Percent of People with Each Score
Percentile by Number Answered
Your Score History
You have not taken this quiz